Snooker Players by Nickname - Statistics

General Stats
  • This quiz has been taken 366 times
  • The average score is 11 of 15
Answer Stats
Hint Answer % Correct
The Rocket Ronnie O'sullivan
99%
The Jester From Leicester Mark Selby
91%
The Juddernaut Judd Trump
88%
Thunder from Down Under Neil Robertson
86%
Wizard of Wishaw John Higgins
85%
Hong Kong Fuey Marco Fu
79%
The Whirlwind Jimmy White
78%
The Magician Shaun Murphy
78%
The Hurricane Alex Higgins
77%
Enter The Dragon Ding Junhui
72%
The Nugget Steve Davis
71%
Dott the Pot Graeme Dott
70%
The Pistol Mark Allen
67%
Ball-Run Stuart Bingham
65%
Mr. Perfection John Virgo
12%
No matching quizzes found
Score Distribution
Percent of People with Each Score
Percentile by Number Answered
Your Score History
You have not taken this quiz